000 005490000a22001930004500
001 003397
003 MACL
005 20150731173914.0
008 150731b xxu||||| |||| 00| 0 eng d
040 _aMACL
_cMACL
041 _aEnglish
082 _a354.301/DHA
100 _aDhameja, Nand
_93917
245 _aCase Studies In Administrative Environment And Decision Making
_cNand Dhameja
260 _aNew Delhi
_c1995
_bIndian Institute Of Public Administration,
350 _a160
650 _aEnvironment Problems
_93918
942 _k354
_cBK
_2ddc
999 _c15298
_d15298